[Event "SVK-chT1W 2122"]
[Site "Slovakia"]
[Date "2022.05.15"]
[Round "11.7"]
[White "Capak, Stefan"]
[Black "Goth, Gabriel"]
[Result "1/2-1/2"]
[WhiteElo "1933"]
[BlackElo "1997"]
[PlyCount "36"]
[EventDate "2021.11.06"]
[EventType "team-tourn"]
[EventRounds "11"]
[EventCountry "SVK"]
[SourceTitle "EXT 2023"]
[Source "ChessBase"]
[SourceDate "2022.10.05"]
[SourceVersion "1"]
[SourceVersionDate "2022.10.05"]
[SourceQuality "1"]
[WhiteTeam "Povazska Bystrica"]
[BlackTeam "Komarno"]
[WhiteTeamCountry "SVK"]
[BlackTeamCountry "SVK"]

1. d4 Nf6 2. Nf3 g6 3. g3 Bg7 4. Bg2 0-0 5. 0-0 b6 6. Ne5 c6 7. c4 Bb7 8. Nc3 d6 9. Nd3 Nfd7 10. e3 e6 11. b3 Na6 12. Ba3 Nf6 13. Rc1 Qd7 14. Qe2 c5 15. dxc5 Bxg2 16. Kxg2 dxc5 17. Rfd1 Qb7+ 18. Qf3 Qxf3+ 1/2-1/2

[Event "SVK-chT1W 2122"]
[Site "Slovakia"]
[Date "2022.05.14"]
[Round "10.7"]
[White "Goth, Gabriel"]
[Black "Lasch, Miroslav"]
[Result "1/2-1/2"]
[WhiteElo "1997"]
[BlackElo "2034"]
[PlyCount "228"]
[EventDate "2021.11.06"]
[EventType "team-tourn"]
[EventRounds "11"]
[EventCountry "SVK"]
[SourceTitle "EXT 2023"]
[Source "ChessBase"]
[SourceDate "2022.10.05"]
[SourceVersion "1"]
[SourceVersionDate "2022.10.05"]
[SourceQuality "1"]
[WhiteTeam "Komarno"]
[BlackTeam "Dubnica nad Vahom II"]
[WhiteTeamCountry "SVK"]
[BlackTeamCountry "SVK"]

1. e4 d5 2. exd5 Qxd5 3. Nc3 Qd6 4. d4 Nf6 5. Nf3 a6 6. g3 Bg4 7. Bg2 Nc6 8. h3 Bh5 9. 0-0 0-0-0 10. d5 Nxd5 11. Nxd5 Qxd5 12. Qxd5 Rxd5 13. Nd2 Rd6 14. f4 f6 15. Ne4 Rd1 16. g4 Rxf1+ 17. Kxf1 Bf7 18. Bd2 e5 19. fxe5 Nxe5 20. b3 Be7 21. Bc3 Rd8 22. Ke2 Ng6 23. Rf1 Bd5 24. Bh1 Re8 25. Kd3 Bc6 26. Bd4 Nf8 27. g5 fxg5 28. Bxg7 Ne6 29. Be5 Bxe4+ 30. Kxe4 Nf4 31. Bxf4 Bd6+ 32. Kf5 gxf4 33. Bf3 Re5+ 34. Kf6 c6 35. Kg7 Re7+ 36. Kh6 Kc7 37. Rf2 Be5 38. Re2 a5 39. a4 Kd6 40. Kg5 Rg7+ 41. Kf5 Rg3 42. Be4 Bc3 43. Kxf4 Rxh3 44. Bf5 Be5+ 45. Kg4 Rg3+ 46. Kh4 Rg7 47. Bd3 h6 48. Re4 Rg5 49. Re2 Rg7 50. Re4 Bg3+ 51. Kh3 h5 52. Rc4 Rg8 53. Re4 h4 54. Rc4 Be1 55. Re4 Bf2 56. Re2 Bg3 57. Re4 Kc5 58. Rc4+ Kb6 59. Re4 Bf2 60. Re2 Bg3 61. Re4 Bf2 62. Re2 Rg3+ 63. Kh2 Bg1+ 64. Kh1 h3 65. Re4 h2 66. Rf4 Rg5 67. Re4 Kc5 68. Rc4+ Kd6 69. Re4 Kd5 70. Re2 Rg4 71. Re8 Kd4 72. Re6 Kd5 73. Re8 Kd4 74. Re2 Kc3 75. Re6 Rg3 76. Bh7 Rg7 77. Be4 Rg3 78. Bh7 Rg5 79. Be4 Kb4 80. Bd3 Rd5 81. Bh7 Rd2 82. Re4+ Bd4 83. Rh4 b5 84. axb5 cxb5 85. Rxh2 Rd1+ 86. Kg2 a4 87. bxa4 bxa4 88. Kf3 a3 89. Bg8 Kc3 90. Bb3 Re1 91. Re2 Rf1+ 92. Ke4 Rf8 93. Rg2 Re8+ 94. Kd5 Re5+ 95. Kd6 Rh5 96. Rg3+ Kb2 97. Rd3 Be5+ 98. Kc6 Rh4 99. Kb6 Bf4 100. Rf3 Bc1 101. Kb5 Rh8 102. Ka6 Ra8+ 103. Kb5 Rc8 104. Kb4 Rb8+ 105. Kc4 Rc8+ 106. Kb5 Rb8+ 107. Kc4 a2 108. Bxa2 Kxa2 109. Rb3 Rc8+ 110. Kd3 Bb2 111. Rb7 Be5 112. Ke4 Bb2 113. Kd3 Ka3 114. c4 Ka4 1/2-1/2

[Event "SVK-chT2B 2122"]
[Site "Slovakia"]
[Date "2022.03.27"]
[Round "9.7"]
[White "Nadzamova, Viktoria"]
[Black "Goth, Gabriel"]
[Result "1/2-1/2"]
[WhiteElo "2117"]
[BlackElo "1997"]
[PlyCount "116"]
[EventDate "2021.10.16"]
[EventType "team-tourn"]
[EventRounds "11"]
[EventCountry "SVK"]
[SourceTitle "EXT 2023"]
[Source "ChessBase"]
[SourceDate "2022.10.05"]
[SourceVersion "1"]
[SourceVersionDate "2022.10.05"]
[SourceQuality "1"]
[WhiteTeam "Levice"]
[BlackTeam "Komarno II"]
[WhiteTeamCountry "SVK"]
[BlackTeamCountry "SVK"]

1. e4 c5 2. Nf3 d6 3. d4 cxd4 4. Nxd4 Nf6 5. Nc3 g6 6. Be3 Bg7 7. f3 0-0 8. Qd2 Nc6 9. 0-0-0 Nxd4 10. Bxd4 Be6 11. h4 Qa5 12. Kb1 Rfc8 13. Bxf6 exf6 14. Nd5 Qxd2 15. Rxd2 Bxd5 16. Rxd5 Rc6 17. Bd3 Rd8 18. b4 Rc3 19. h5 h6 20. hxg6 fxg6 21. e5 fxe5 22. Bxg6 Kf8 23. Rh4 Ke7 24. Rg4 Bf6 25. Bf5 b6 26. Kb2 Rc7 27. Kb3 Bg5 28. Re4 Rf8 29. Bg4 Rf4 30. Re1 Rfc4 31. Bf5 Rf4 32. Be4 Rf8 33. Red1 Rf6 34. a4 h5 35. a5 bxa5 36. Rxa5 Be3 37. Rh1 Rh6 38. Ra6 h4 39. c4 Rh8 40. Bd5 Bf2 41. Ra2 Be3 42. g3 Bg5 43. Rah2 Rcc8 44. gxh4 Bf4 45. Rg2 Kf6 46. Rhg1 Rh6 47. Rg7 Rf8 48. h5 Be3 49. R1g6+ Rxg6 50. Rxg6+ Ke7 51. h6 Rh8 52. Rg7+ Kf6 53. Rd7 Rxh6 54. Rxd6+ Ke7 55. Rxh6 Bxh6 56. Ka4 Kd6 57. Be4 Be3 58. Kb5 Kc7 1/2-1/2

[Event "SVK-chT1W 2122"]
[Site "Slovakia"]
[Date "2022.02.26"]
[Round "3.8"]
[White "Goth, Gabriel"]
[Black "Moravcik, Rastislav"]
[Result "1-0"]
[WhiteElo "1997"]
[BlackElo "1925"]
[PlyCount "113"]
[EventDate "2021.11.06"]
[EventType "team-tourn"]
[EventRounds "11"]
[EventCountry "SVK"]
[SourceTitle "EXT 2023"]
[Source "ChessBase"]
[SourceDate "2022.10.05"]
[SourceVersion "1"]
[SourceVersionDate "2022.10.05"]
[SourceQuality "1"]
[WhiteTeam "Komarno"]
[BlackTeam "Topolcany"]
[WhiteTeamCountry "SVK"]
[BlackTeamCountry "SVK"]

1. e4 e6 2. d4 d5 3. Nc3 Nf6 4. e5 Nfd7 5. f4 c5 6. Nf3 Nc6 7. Be3 cxd4 8. Nxd4 Nxd4 9. Bxd4 a6 10. Be2 Be7 11. 0-0 Qc7 12. Rf3 f6 13. exf6 Bxf6 14. f5 Bxd4+ 15. Qxd4 Qc5 16. Rd1 Qxd4+ 17. Rxd4 Nf6 18. fxe6 Bxe6 19. Re3 Kf7 20. Bf3 Rac8 21. Re2 Rhd8 22. Red2 Rd7 23. Nxd5 Bxd5 24. Bxd5+ Nxd5 25. Rxd5 Rxd5 26. Rxd5 Rxc2 27. Rd7+ Kg8 28. Rxb7 h6 29. h3 Kh7 30. a4 Rc1+ 31. Kf2 Ra1 32. b3 a5 33. Rb5 Rb1 34. Ke3 Rb2 35. g3 Rg2 36. Kf3 Rb2 37. h4 Rb1 38. h5 Rb2 39. g4 Rb1 40. Ke2 Rb2+ 41. Kd3 Rb1 42. Kc2 Rg1 43. Rxa5 Rxg4 44. Rd5 Rg2+ 45. Kc3 g5 46. hxg6+ Kxg6 47. Rd1 h5 48. a5 Ra2 49. b4 h4 50. Kc4 h3 51. Kb5 h2 52. Rh1 Kf5 53. a6 Kg4 54. Kb6 Kg3 55. a7 Kg2 56. Rxh2+ Kxh2 57. b5 1-0

[Event "SVK-chT2B 1516"]
[Site "Slovakia"]
[Date "2015.11.08"]
[Round "4.4"]
[White "Goth, Gabriel"]
[Black "Pis, Jozef"]
[Result "1-0"]
[WhiteElo "1978"]
[BlackElo "1000"]
[PlyCount "39"]
[EventDate "2015.10.17"]
[EventType "team-tourn"]
[EventRounds "11"]
[EventCountry "SVK"]
[SourceTitle "EXT 2019"]
[Source "ChessBase"]
[SourceDate "2018.10.10"]
[SourceVersion "1"]
[SourceVersionDate "2018.10.10"]
[SourceQuality "1"]
[WhiteTeam "Komarno KSC"]
[BlackTeam "Bojnice SK PRM"]
[WhiteTeamCountry "SVK"]
[BlackTeamCountry "SVK"]

1. e4 d6 2. d4 Nf6 3. Nc3 g6 4. Be3 Bg7 5. f3 0-0 6. Qd2 c6 7. g4 e5 8. 0-0-0 a5 9. dxe5 Nfd7 10. exd6 Re8 11. h4 b5 12. h5 a4 13. hxg6 fxg6 14. Bxb5 Qa5 15. Bxa4 Bxc3 16. Bb3+ Kh8 17. Rxh7+ Kxh7 18. Qh2+ Kg7 19. Qh6+ Kf6 20. g5+ 1-0

[Event "SVK-chT2B 1112"]
[Site "Slovakia"]
[Date "2012.02.26"]
[Round "11.3"]
[White "Detko, Jan"]
[Black "Goth, Gabriel"]
[Result "1/2-1/2"]
[WhiteElo "2130"]
[BlackElo "2002"]
[PlyCount "40"]
[EventDate "2011.10.08"]
[EventType "team-tourn"]
[EventRounds "11"]
[EventCountry "SVK"]
[SourceTitle "EXT 2013"]
[Source "ChessBase"]
[SourceDate "2012.11.22"]
[SourceVersion "1"]
[SourceVersionDate "2012.11.22"]
[SourceQuality "1"]
[WhiteTeam "Prievidza SK III"]
[BlackTeam "Komarno KSC II"]
[WhiteTeamCountry "SVK"]
[BlackTeamCountry "SVK"]

1. e4 c5 2. Nc3 Nc6 3. f4 g6 4. Nf3 Bg7 5. Bb5 Nd4 6. Bd3 d6 7. Nxd4 Bxd4 8. Qf3 Bd7 9. Ne2 Bg7 10. 0-0 Qc7 11. c3 Nh6 12. Bc2 0-0-0 13. d3 f5 14. Be3 Ng4 15. Bd2 Rhf8 16. Rab1 fxe4 17. dxe4 e5 18. f5 gxf5 19. exf5 Nf6 20. Ng3 Rg8 1/2-1/2

[Event "SVK-chT2B 1112"]
[Site "Slovakia"]
[Date "2012.01.28"]
[Round "8.6"]
[White "Goth, Gabriel"]
[Black "Hudoba, Ondrej"]
[Result "1-0"]
[WhiteElo "2002"]
[BlackElo "2160"]
[PlyCount "89"]
[EventDate "2011.10.08"]
[EventType "team-tourn"]
[EventRounds "11"]
[EventCountry "SVK"]
[SourceTitle "EXT 2013"]
[Source "ChessBase"]
[SourceDate "2012.11.22"]
[SourceVersion "1"]
[SourceVersionDate "2012.11.22"]
[SourceQuality "1"]
[WhiteTeam "Komarno KSC II"]
[BlackTeam "Levice"]
[WhiteTeamCountry "SVK"]
[BlackTeamCountry "SVK"]

1. e4 e5 2. Nf3 Nc6 3. Bc4 Nf6 4. d4 exd4 5. 0-0 Bc5 6. e5 d5 7. exf6 dxc4 8. Re1+ Be6 9. Ng5 Qxf6 10. Nxe6 fxe6 11. Qh5+ Kd7 12. Qxc5 Raf8 13. Rf1 e5 14. Na3 h5 15. Nxc4 h4 16. f4 Rh5 17. Bd2 Rf5 18. Qd5+ Kc8 19. Qe4 g5 20. b4 exf4 21. Rae1 Kd7 22. Na5 Re5 23. Qf3 Nxa5 24. bxa5 c6 25. Rxe5 Qxe5 26. Re1 Qc5 27. Qd3 Kc8 28. a3 Qd5 29. Qe4 Rd8 30. Qxd5 Rxd5 31. Bb4 c5 32. Bd2 Kd7 33. Kf2 Kc6 34. Kf3 d3 35. c4 Rd4 36. Re4 Rd6 37. Kg4 h3 38. g3 fxg3 39. Kxg3 Rd4 40. Rxd4 cxd4 41. Bb4 d2 42. Bxd2 Kc5 43. Kxh3 Kxc4 44. Kg4 Kb3 45. Kxg5 1-0

[Event "SVK-chT2B 0809"]
[Site "Slovakia"]
[Date "2008.11.09"]
[Round "4.3"]
[White "Goth, Gabriel"]
[Black "Jancovic, Peter"]
[Result "1/2-1/2"]
[WhiteElo "1979"]
[BlackElo "2118"]
[PlyCount "64"]
[EventDate "2008.10.11"]
[EventType "team-tourn"]
[EventRounds "11"]
[EventCountry "SVK"]
[SourceTitle "EXT 2010"]
[Source "ChessBase"]
[SourceDate "2010.11.25"]
[SourceVersion "1"]
[SourceVersionDate "2010.11.25"]
[SourceQuality "1"]
[WhiteTeam "Komarno KSC II"]
[BlackTeam "Nitra NSK III"]
[WhiteTeamCountry "SVK"]
[BlackTeamCountry "SVK"]

1. e4 e5 2. Nf3 Nc6 3. Bc4 Bc5 4. c3 Nf6 5. d4 exd4 6. cxd4 Bb4+ 7. Nc3 Nxe4 8. 0-0 Bxc3 9. d5 Bf6 10. Re1 Ne7 11. Rxe4 d6 12. Bg5 Bxg5 13. Nxg5 0-0 14. Nxh7 f5 15. Rxe7 Qxe7 16. Nxf8 Qxf8 17. Qc2 Bd7 18. Bb3 Rc8 19. Qc3 Be8 20. Rc1 b6 21. Bc4 Rd8 22. Qd4 Rd7 23. Rc3 Re7 24. Kf1 Re4 25. Qd2 Qf7 26. Be2 Re5 27. Qc2 Qxd5 28. Rxc7 Qe6 29. Qd2 a5 30. Qg5 Bf7 31. Qd8+ Kh7 32. Qh4+ Kg8 1/2-1/2